000
00314nam a22001457a 4500
008
230901b ||||| |||| 00| 0 eng d
020
_a
9780262111676
041
_a
eng
080
_a
101
082
_a
101KIR
100
_a
40
101
_a
FILOZ
245
_a
THEORIES OF TRUTH
_c
KIRKHAM.L.R
942
_2
udc
_c
BK
999
_c
60234
_d
60234